A munkahelyi stressz vizsgálata- * A sport és az egészségtudatos életmód stresszkezelő hatásai *

Bibliographic Details
Main Author: Czuczor Attila
Other Authors: Somogyi Dr. Aliz
Format: Thesis
Kulcsszavak:Munkahelyi stressz
Sport
Egészségtudatosság
Online Access:http://dolgozattar.uni-bge.hu/12177

MARC

LEADER 00000nta a2200000 i 4500
001 dolg12177
005 20170518102822.0
008 170518suuuu hu om 000 hun d
040 |a BGE Dolgozattár Repozitórium  |b hun 
041 |a hu 
100 1 |a Czuczor Attila 
245 1 2 |a A munkahelyi stressz vizsgálata- * A sport és az egészségtudatos életmód stresszkezelő hatásai *  |c Czuczor Attila  |h [elektronikus dokumentum] 
695 |a Munkahelyi stressz 
695 |a Sport  
695 |a Egészségtudatosság 
700 1 |a Somogyi Dr. Aliz  |e ths 
856 4 0 |u http://dolgozattar.uni-bge.hu/12177/1/Czuczor%20Attila%202017%20v%C3%A9gleges%C3%ADtett%20scanned.pdf  |z Dokumentum-elérés